00749nam a2200193 a 450000100100000000500170001000800410002702000180006804000250008610000370011124501160014826000420026430000200030650400260032670000460035270000340039895201060043299900170053800004054920201002034216.0130830s2012 sp 000 0 spa d a9788469521168 aDO-SdBNPbspacBNPHU1 aVázquez Serrano, Carmen96687210aAnticonceptivos naturales /cCarmen Vázquez Serrano, Francisca socorro López López, Camen Ríos Paredes. aMadrid :bGráficas Alhambra,c2012. a79 p. ;c22 cm. aBibliografía : p.791 aLópez López, Francisca Socorro9668731 aRíos Paredes, Carmen966874 0010507-18MOaGRbGRcOId2013-08-30iLF1l0o p40549-10r2020-06-25w2020-06-25y1ZNo se presta c40039d40039